| 000 | 00416nam a2200145Ia 4500 | ||
|---|---|---|---|
| 008 | 231217s9999 xx 000 0 und d | ||
| 020 | _a8178081318 | ||
| 041 | _aEnglish | ||
| 082 | _a001.64 FOL;20 | ||
| 100 | _aFolk, Michael J Zoellick, Bill Riccardi, Greg | ||
| 245 | 0 | _aFile structures : an object-oriented approach with C++ | |
| 260 |
_c1998 _bPearson Education _aDelhi |
||
| 300 | _axxiv+724 | ||
| 942 | _cAA | ||
| 999 |
_c179277 _d179277 |
||